Humanistic Education: visions and realities (Record no. 30970)

MARC details
000 -LEADER
fixed length control field 00378nam a2200157Ia 4500
020 ## - INTERNATIONAL STANDARD BOOK NUMBER
ISBN 0- 8211- 2256- 8
050 ## - CALL MARK
Classification number LC1011.P5
100 ## - STATEMENT OF RESPONSIBILITY--MAIN AUTHOR NAME
Personal name Richard H. Weller
245 #0 - TITLE STATEMENT
Title Humanistic Education: visions and realities
260 ## - PUBLICATION, DISTRIBUTION, ETC. (IMPRINT)
Name of publisher McCutchan
260 ## - PUBLICATION, DISTRIBUTION, ETC. (IMPRINT)
Year of publication 1977
300 ## - PHYSICAL DESCRIPTION
Number of Pages 377 p
942 ## - ADDED ENTRY ELEMENTS (KOHA)
Koha item type Books
Holdings
Withdrawn status Lost status Source of classification or shelving scheme Damaged status Not for loan Permanent Location Current Location Date acquired Accession Number Price effective from Koha item type
    Library of Congress Classification     NILE UNIVERSITY OF NIGERIA - MAIN LIBRARY NILE UNIVERSITY OF NIGERIA - MAIN LIBRARY 04/23/2025 0005122 04/23/2025 Books